The concise Oxford companion to the theatre

Αποθηκεύτηκε σε:
Λεπτομέρειες βιβλιογραφικής εγγραφής
Άλλοι συγγραφείς: Hartnoll, Phyllis (Επιμελητής έκδοσης), Found, Peter (Επιμελητής έκδοσης)
Μορφή: Βιβλίο
Γλώσσα:English
Δημοσίευση: Oxford : Oxford University Press, c1993
Έκδοση:2nd ed.
Σειρά:Oxford paperback reference
Θέματα:
Ετικέτες: Προσθήκη ετικέτας
Δεν υπάρχουν, Καταχωρήστε ετικέτα πρώτοι!

MARC

LEADER 00000nam a2200000 i 4500
001 1/79199
008 990504s1993 eng d
020 |a 0-19-282574-7 
035 |l 10050327 
040 |a GR-MY-UA  |b gre  |e aacr 
041 0 |a eng 
082 0 |a 792.03 
245 1 4 |a The concise Oxford companion to the theatre /  |c edited by Phyllis Hartnoll and Peter Found 
250 |a 2nd ed. 
260 |a Oxford :   |b Oxford University Press,   |c c1993 
300 |a vi, 568 σ.;  |c 20 εκ. 
490 1 |a Oxford paperback reference 
504 |a Βιβλιογραφία: σ. 563-568 
650 0 0 |a Theater  |x Dictionaries. 
650 0 0 |a Drama  |x Dictionaries. 
700 1 |a Hartnoll, Phyllis.  |4 edt 
700 1 |a Found, Peter.  |4 edt 
830 0 |a Oxford paperback reference 
852 |a INST  |b LESVOS  |e 19990504  |h 792.03 CON  |p 005100016228  |q 005100016228  |t REF  |y 23 
901 |a BIBL1-1999-2 
909 |a Λ  |b 062519 
922 |a 1ΕΛΗ  |b 199812  |c ΚΠΣ/ΚΥΒ  |d LEADER 
950 |a 023-1998-09-14